Obituary in memoriam: Kavita Singh ( 1964-2023) (Record no. 523873)

000 -LEADER
fixed length control field 00350nam a22001217a 4500
008 - FIXED-LENGTH DATA ELEMENTS--GENERAL INFORMATION
fixed length control field 231011b ||||| |||| 00| 0 eng d
100 ## - MAIN ENTRY--PERSONAL NAME
Personal name Vajpeyi, Ananya
245 ## - TITLE STATEMENT
Title Obituary in memoriam: Kavita Singh ( 1964-2023)
260 ## - PUBLICATION, DISTRIBUTION, ETC. (IMPRINT)
Place of publication, distribution, etc Social Scientist
300 ## - PHYSICAL DESCRIPTION
Extent 51(7-8), Jul-Aug, 2023: p.93-96
773 ## - HOST ITEM ENTRY
Main entry heading Social Scientist
942 ## - ADDED ENTRY ELEMENTS (KOHA)
Item type Articles
Holdings
Withdrawn status Lost status Source of classification or shelving scheme Damaged status Not for loan Permanent location Current location Date acquired Serial Enumeration / chronology Barcode Date last seen Koha item type
          Indian Institute of Public Administration Indian Institute of Public Administration 2023-10-11 51(7-8), Jul-Aug, 2023: p.93-96 AR129755 2023-10-11 Articles

Powered by Koha